000
00322nam a22001457a 4500
008
211014b ||||| |||| 00| 0 eng d
020
_a
089640126-X
041
_a
eng
080
_a
610
082
_a
610
100
_a
4
101
_a
SHM
245
_a
Medical Imaging A Concise Textbook
_c
Jacobs,E.R
942
_2
udc
_c
BK
999
_c
58230
_d
58230